[Event "15th Governor Cup 2019"]
[Site "Khanty-Mansiysk"]
[Date "2019.11.22"]
[Round "5.12"]
[White "Remizov, Yaroslav"]
[Black "Zakaryan, David"]
[Result "1-0"]
[WhiteElo "2394"]
[BlackElo "2338"]
[Annotator "ChessBase"]
[PlyCount "179"]
[EventDate "2019.11.19"]
[EventType "swiss"]
[EventCountry "RUS"]
[SourceTitle "playchess.com"]
[Source "ChessBase"]
[SourceQuality "1"]
[TimeControl "5400+30"]

1. e4 {[%emt 0:00:00]} c5 {[%emt 0:19:51]} 2. Nf3 {[%emt 0:00:42]} e6 {[%emt 0:04:04]} 3. d4 {[%emt 0:03:24]} cxd4 {[%emt 0:00:06]} 4. Nxd4 {[%emt 0:00:03]} a6 {[%emt 0:00:08]} 5. c4 {[%emt 0:00:55]} Nf6 {[%emt 0:00:07]} 6. Nc3 {[%emt 0:00:21]} Bb4 {[%emt 0:00:14]} 7. Qd3 {[%emt 0:01:12]} Qc7 {[%emt 0:00:57]} 8. a3 {[%emt 0:05:26]} Be7 {[%emt 0:00:14]} 9. Qg3 {[%emt 0:05:46]} Qxg3 {[%emt 0:02:56]} 10. hxg3 {[%emt 0:00:27]} d6 {[%emt 0:00:28]} 11. f3 {[%emt 0:01:58]} Nc6 {[%emt 0:09:14]} 12. Be3 {[%emt 0:02:22]} Nxd4 {[%emt 0:07:22]} 13. Bxd4 {[%emt 0:00:04]} e5 {[%emt 0:00:51]} 14. Be3 {[%emt 0:06:45]} Be6 {[%emt 0:00:02]} 15. Kd2 {[%emt 0:05:07]} Rc8 {[%emt 0:00:56]} 16. b3 {[%emt 0:00:11]} O-O {[%emt 0:02:01]} 17. Bd3 {[%emt 0:01:00]} h6 {[%emt 0:07:09]} 18. g4 {[%emt 0:17:36]} Nd7 {[%emt 0:00:13]} 19. Nd5 {[%emt 0:00:24]} Bd8 {[%emt 0:01:38]} 20. b4 {[%emt 0:00:10]} Re8 {[%emt 0:04:49]} 21. Rab1 {[%emt 0:03:16]} Bxd5 22. cxd5 {[%emt 0:05:36]} Bb6 {[%emt 0:03:35]} 23. Rhc1 {[%emt 0:00:43]} Kf8 {[%emt 0:00:28]} 24. a4 {[%emt 0:01:58]} Ke7 {[%emt 0:03:49]} 25. a5 {[%emt 0:10:44]} Bxe3+ {[%emt 0:00:10]} 26. Kxe3 {[%emt 0:00:01]} Rxc1 {[%emt 0:01:41]} 27. Rxc1 {[%emt 0:00:07]} Rb8 {[%emt 0:00:01]} 28. Kd2 {[%emt 0:08:59]} Kd8 {[%emt 0:01:24]} 29. Rh1 {[%emt 0:01:27]} Ke7 {[%emt 0:01:55]} 30. Kc3 {[%emt 0:00:49]} Rc8+ {[%emt 0:00:23]} 31. Kb3 {[%emt 0:00:10]} Rb8 {[%emt 0:00:53]} 32. Kc3 {[%emt 0:08:10]} Rc8+ {[%emt 0:00:02]} 33. Kb3 {[%emt 0:00:04]} Kf6 {[%emt 0:00:15]} 34. g3 {[%emt 0:00:27]} Ke7 {[%emt 0:00:11]} 35. Be2 {[%emt 0:00:46]} Rc7 {[%emt 0:00:18]} 36. Bd3 {[%emt 0:00:54]} Rc8 {[%emt 0:00:01]} 37. Be2 {[%emt 0:00:01]} Nf6 {[%emt 0:01:31]} 38. Bd3 {[%emt 0:02:09]} Kd8 {[%emt 0:00:05]} 39. Be2 {[%emt 0:00:42]} Kc7 {[%emt 0:00:11]} 40. Rc1+ {[%emt 0:01:37]} Kb8 {[%emt 0:00:07]} 41. Rxc8+ {[%emt 0:00:22]} Kxc8 {[%emt 0:00:01]} 42. Kc3 {[%emt 0:00:18]} Kb8 {[%emt 0:00:39]} 43. Kd2 {[%emt 0:00:42]} Ka7 {[%emt 0:00:05]} 44. Bd1 {[%emt 0:02:43]} Kb8 {[%emt 0:04:52]} 45. Ba4 {[%emt 0:00:21]} Kc7 {[%emt 0:00:04]} 46. Ke3 {[%emt 0:01:13]} Kd8 {[%emt 0:01:22]} 47. Kd3 {[%emt 0:01:11]} g6 {[%emt 0:02:08]} 48. Kc4 {[%emt 0:01:05]} h5 {[%emt 0:03:08]} 49. gxh5 {[%emt 0:01:32]} Nxh5 {[%emt 0:00:07]} 50. g4 {[%emt 0:00:10]} Nf4 {[%emt 0:00:12]} 51. Bd1 {[%emt 0:01:04]} Kc7 {[%emt 0:00:20]} 52. Ba4 {[%emt 0:01:07]} f6 {[%emt 0:03:52]} 53. Bd1 {[%emt 0:00:22]} b6 {[%emt 0:00:11]} 54. Kc3 {[%emt 0:00:45]} bxa5 {[%emt 0:00:31]} 55. bxa5 {[%emt 0:00:01]} Kb7 {[%emt 0:00:11]} 56. Kc4 {[%emt 0:00:22]} Ka7 {[%emt 0:00:35]} 57. Kc3 {[%emt 0:00:32]} Ng2 {[%emt 0:00:30]} 58. Kd2 {[%emt 0:00:16]} Nf4 {[%emt 0:00:04]} 59. Be2 {[%emt 0:00:33]} Nh3 {[%emt 0:00:22]} 60. Bd1 {[%emt 0:00:39]} Ng5 {[%emt 0:00:12]} 61. Kc3 {[%emt 0:00:51]} Nf7 {[%emt 0:00:23]} 62. Ba4 {[%emt 0:00:29]} Kb8 {[%emt 0:00:47]} 63. Kc4 {[%emt 0:00:53]} Kc7 {[%emt 0:00:12]} 64. Kc3 {[%emt 0:00:16]} Ng5 {[%emt 0:00:11]} 65. Bd1 {[%emt 0:00:04]} Nh3 {[%emt 0:00:12]} 66. Kc4 {[%emt 0:00:47]} Nf4 {[%emt 0:00:30]} 67. Kc3 {[%emt 0:00:24]} f5 {[%emt 0:01:12]} 68. gxf5 {[%emt 0:00:40]} gxf5 {[%emt 0:00:02]} 69. Kc4 {[%emt 0:00:43]} Ng2 {[%emt 0:00:09]} 70. Be2 {[%emt 0:00:43]} Kb7 {[%emt 0:00:21]} 71. Kd3 {[%emt 0:00:54]} Nf4+ {[%emt 0:02:00]} 72. Kd2 {[%emt 0:00:31]} Ka7 {[%emt 0:01:40]} 73. exf5 {[%emt 0:00:47]} Nxd5 {[%emt 0:00:01]} 74. Bc4 {[%emt 0:00:11]} Nf6 {[%emt 0:00:07]} 75. Ke3 {[%emt 0:00:16]} d5 {[%emt 0:00:07]} 76. Bxd5 {[%emt 0:00:28]} Kb8 {[%emt 0:04:47]} 77. Bc4 {[%emt 0:00:09]} Kb7 {[%emt 0:00:08]} 78. f4 {[%emt 0:00:18]} exf4+ {[%emt 0:01:03]} 79. Kxf4 {[%emt 0:00:06]} Nd7 {[%emt 0:00:40]} 80. Kg5 {[%emt 0:00:18]} Ne5 {[%emt 0:01:28]} 81. f6 {[%emt 0:00:15]} Kc7 {[%emt 0:00:27]} 82. Bxa6 {[%emt 0:00:46]} Kd6 {[%emt 0:02:39]} 83. Bb5 {[%emt 0:00:13]} Kc5 {[%emt 0:00:55]} 84. a6 {[%emt 0:00:15]} Kb6 {[%emt 0:00:06]} 85. Kh6 {[%emt 0:00:10]} Nf7+ {[%emt 0:00:07]} 86. Kg7 {[%emt 0:00:08]} Nd6 {[%emt 0:00:01]} 87. f7 {[%emt 0:00:17]} Nxf7 {[%emt 0:00:05]} 88. Kxf7 {[%emt 0:00:04]} Ka7 {[%emt 0:00:01]} 89. Ke6 {[%emt 0:00:06]} Kb8 {[%emt 0:00:01]} 90. Kd6 {[%emt 0:00:06]} 1-0

[Event "15th Governor Cup 2019"]
[Site "Khanty-Mansiysk"]
[Date "2019.11.22"]
[Round "5.13"]
[White "Maltsevskaya, Aleksandra"]
[Black "Obgolts, Erik"]
[Result "1/2-1/2"]
[WhiteElo "2332"]
[BlackElo "2371"]
[Annotator "ChessBase"]
[PlyCount "66"]
[EventDate "2019.11.19"]
[EventType "swiss"]
[EventCountry "RUS"]
[SourceTitle "playchess.com"]
[Source "ChessBase"]
[SourceQuality "1"]
[TimeControl "5400+30"]

1. Nf3 {[%emt 0:00:00]} Nf6 {[%emt 0:00:00]} 2. g3 {[%emt 0:00:00]} g6 {[%emt 0:00:00]} 3. Bg2 {[%emt 0:00:00]} Bg7 {[%emt 0:00:00]} 4. O-O {[%emt 0:00:05]} O-O {[%emt 0:00:00]} 5. d4 {[%emt 0:00:07]} d6 {[%emt 0:00:00]} 6. b3 {[%emt 0:02:58]} Nc6 {[%emt 0:04:25]} 7. Bb2 {[%emt 0:00:59]} e5 {[%emt 0:00:57]} 8. dxe5 {[%emt 0:00:45]} Ng4 {[%emt 0:00:13]} 9. c4 {[%emt 0:00:08]} Ngxe5 {[%emt 0:00:57]} 10. Nxe5 {[%emt 0:00:51]} Nxe5 {[%emt 0:00:27]} 11. Nc3 {[%emt 0:00:09]} c6 {[%emt 0:06:47]} 12. Qd2 {[%emt 0:00:22]} Be6 {[%emt 0:05:41]} 13. Rad1 {[%emt 0:03:42]} Qa5 {[%emt 0:05:34]} 14. Ba1 {[%emt 0:00:22]} Rad8 {[%emt 0:04:09]} 15. h3 {[%emt 0:00:48]} f5 {[%emt 0:06:52]} 16. f4 {[%emt 0:08:16]} Nf7 {[%emt 0:00:09]} 17. e4 {[%emt 0:00:18]} fxe4 {[%emt 0:02:53]} 18. Nxe4 {[%emt 0:00:06]} Qxd2 {[%emt 0:00:03]} 19. Rxd2 {[%emt 0:00:08]} Bxa1 {[%emt 0:01:03]} 20. Rxa1 {[%emt 0:00:08]} Bf5 {[%emt 0:02:01]} 21. Nf2 {[%emt 0:05:56]} h5 {[%emt 0:05:41]} 22. Rad1 {[%emt 0:06:21]} Kg7 {[%emt 0:03:01]} 23. Bf3 {[%emt 0:04:50]} Rde8 {[%emt 0:04:19]} 24. Kg2 {[%emt 0:02:22]} Re3 {[%emt 0:03:47]} 25. Re2 {[%emt 0:04:39]} Rxe2 {[%emt 0:05:08]} 26. Bxe2 {[%emt 0:00:07]} Re8 {[%emt 0:00:02]} 27. Bf3 {[%emt 0:00:10]} Re3 {[%emt 0:01:48]} 28. g4 {[%emt 0:00:13]} hxg4 {[%emt 0:00:04]} 29. hxg4 {[%emt 0:00:05]} Bc8 {[%emt 0:03:07]} 30. Rd3 {[%emt 0:00:22]} Re1 {[%emt 0:02:40]} 31. Rd1 {[%emt 0:00:30]} Re3 {[%emt 0:00:06]} 32. Rd3 {[%emt 0:00:05]} Re1 {[%emt 0:00:05]} 33. Rd1 {[%emt 0:00:06]} Re3 {[%emt 0:00:07]} 1/2-1/2

[Event "15th Governor Cup 2019"]
[Site "Khanty-Mansiysk"]
[Date "2019.11.22"]
[Round "5.14"]
[White "Shafigullina, Zarina"]
[Black "Guseva, Marina"]
[Result "0-1"]
[WhiteElo "2295"]
[BlackElo "2366"]
[Annotator "ChessBase"]
[PlyCount "80"]
[EventDate "2019.11.19"]
[EventType "swiss"]
[EventCountry "RUS"]
[SourceTitle "playchess.com"]
[Source "ChessBase"]
[SourceQuality "1"]
[TimeControl "5400+30"]

1. Nf3 {[%emt 0:00:00]} Nf6 {[%emt 0:00:00]} 2. g3 {[%emt 0:00:00]} e6 {[%emt 0:00:00]} 3. Bg2 {[%emt 0:00:00]} d5 {[%emt 0:00:00]} 4. O-O {[%emt 0:00:26]} Be7 {[%emt 0:00:00]} 5. c4 {[%emt 0:00:27]} O-O {[%emt 0:00:00]} 6. d3 {[%emt 0:02:58]} b6 {[%emt 0:00:00]} 7. b3 {[%emt 0:01:51]} Bb7 {[%emt 0:00:03]} 8. Bb2 {[%emt 0:00:04]} c5 {[%emt 0:00:04]} 9. Na3 {[%emt 0:05:50]} Nc6 10. Nc2 {[%emt 0:03:58]} Rc8 {[%emt 0:10:53]} 11. Rb1 {[%emt 0:02:05]} Qc7 {[%emt 0:02:21]} 12. Qc1 {[%emt 0:02:23]} Rfd8 {[%emt 0:00:46]} 13. Ba1 {[%emt 0:04:12]} h6 {[%emt 0:04:05]} 14. Qb2 {[%emt 0:04:34]} dxc4 {[%emt 0:18:40]} 15. bxc4 {[%emt 0:01:45]} Ne8 {[%emt 0:00:06]} 16. Na3 {[%emt 0:02:54]} Bf6 {[%emt 0:00:06]} 17. Qc1 {[%emt 0:01:30]} Bxa1 {[%emt 0:01:18]} 18. Rxa1 {[%emt 0:00:12]} Qe7 {[%emt 0:00:38]} 19. Nb5 {[%emt 0:02:49]} Nd6 {[%emt 0:02:31]} 20. Nc3 {[%emt 0:03:07]} Nf5 {[%emt 0:00:15]} 21. Nd2 {[%emt 0:03:52]} Nb4 {[%emt 0:06:02]} 22. Nde4 {[%emt 0:03:36]} Nd4 {[%emt 0:02:01]} 23. f4 {[%emt 0:03:13]} f5 {[%emt 0:11:53]} 24. Nf2 {[%emt 0:00:05]} Bxg2 {[%emt 0:00:09]} 25. Kxg2 {[%emt 0:00:05]} e5 {[%emt 0:00:04]} 26. e4 {[%emt 0:06:26]} fxe4 {[%emt 0:04:18]} 27. dxe4 {[%emt 0:00:26]} exf4 {[%emt 0:00:07]} 28. gxf4 {[%emt 0:00:11]} Qf7 {[%emt 0:03:08]} 29. Nd5 {[%emt 0:03:40]} Nxd5 {[%emt 0:02:32]} 30. cxd5 {[%emt 0:00:05]} Rxd5 {[%emt 0:11:44]} 31. Kh1 {[%emt 0:12:32]} Rh5 {[%emt 0:00:29]} 32. Qd1 {[%emt 0:00:40]} Rh4 {[%emt 0:00:08]} 33. Nd3 {[%emt 0:01:43]} Re8 {[%emt 0:04:06]} 34. Ne5 {[%emt 0:02:07]} Qb7 {[%emt 0:00:40]} 35. Qd3 {[%emt 0:01:33]} Rxe5 {[%emt 0:05:31]} 36. fxe5 {[%emt 0:00:11]} Rxe4 {[%emt 0:00:02]} 37. Qc4+ {[%emt 0:03:21]} Kh7 {[%emt 0:00:15]} 38. Qf7 {[%emt 0:02:19]} Qc6 {[%emt 0:00:06]} 39. Rf3 {[%emt 0:04:58]} Nxf3 {[%emt 0:00:13]} 40. Qxf3 {[%emt 0:00:56]} Re1+ {[%emt 0:00:07]} 0-1

[Event "15th Governor Cup 2019"]
[Site "Khanty-Mansiysk"]
[Date "2019.11.22"]
[Round "5.15"]
[White "Skatchkov, Valery"]
[Black "Lysenko, Margarita"]
[Result "1/2-1/2"]
[WhiteElo "2309"]
[BlackElo "2243"]
[Annotator "ChessBase"]
[PlyCount "79"]
[EventDate "2019.11.19"]
[EventType "swiss"]
[EventCountry "RUS"]
[SourceTitle "playchess.com"]
[Source "ChessBase"]
[SourceQuality "1"]
[TimeControl "5400+30"]

1. d4 {[%emt 0:02:06]} Nf6 {[%emt 0:00:00]} 2. c4 {[%emt 0:00:11]} e6 {[%emt 0:00:00]} 3. Nf3 {[%emt 0:00:03]} b6 {[%emt 0:00:00]} 4. g3 {[%emt 0:00:05]} Ba6 {[%emt 0:00:00]} 5. b3 {[%emt 0:00:05]} Bb4+ {[%emt 0:00:07]} 6. Bd2 {[%emt 0:00:04]} Be7 {[%emt 0:00:08]} 7. Bg2 {[%emt 0:00:05]} c6 {[%emt 0:00:16]} 8. O-O {[%emt 0:01:20]} d5 {[%emt 0:00:25]} 9. Ne5 {[%emt 0:00:07]} Nfd7 {[%emt 0:01:00]} 10. Nxd7 {[%emt 0:00:07]} Nxd7 {[%emt 0:00:11]} 11. Bc3 {[%emt 0:00:05]} O-O {[%emt 0:00:46]} 12. Nd2 {[%emt 0:00:05]} f5 {[%emt 0:15:52]} 13. e3 {[%emt 0:00:21]} Nf6 {[%emt 0:16:49]} 14. a4 {[%emt 0:00:15]} Rc8 {[%emt 0:07:21]} 15. Qe2 {[%emt 0:00:18]} Qd7 {[%emt 0:03:33]} 16. a5 {[%emt 0:00:55]} b5 {[%emt 0:00:33]} 17. c5 {[%emt 0:00:08]} g5 {[%emt 0:08:46]} 18. b4 {[%emt 0:04:34]} g4 {[%emt 0:01:36]} 19. f3 {[%emt 0:10:09]} gxf3 {[%emt 0:04:43]} 20. Bxf3 {[%emt 0:00:26]} Kh8 {[%emt 0:01:51]} 21. Bb2 {[%emt 0:01:36]} Rf7 {[%emt 0:05:20]} 22. Bg2 {[%emt 0:03:38]} Rg8 {[%emt 0:05:39]} 23. Nf3 {[%emt 0:06:24]} Rfg7 {[%emt 0:01:02]} 24. Kf2 {[%emt 0:01:09]} Bc8 {[%emt 0:01:09]} 25. Ke1 {[%emt 0:01:03]} Qc7 {[%emt 0:02:16]} 26. Ne5 {[%emt 0:01:25]} Ng4 {[%emt 0:00:00]} 27. Nxg4 {[%emt 0:03:40]} Rxg4 {[%emt 0:00:00]} 28. Kd2 {[%emt 0:00:26]} Bf6 {[%emt 0:03:27]} 29. Bf3 {[%emt 0:01:01]} R4g7 {[%emt 0:00:59]} 30. Kc2 {[%emt 0:00:12]} Bd7 {[%emt 0:04:25]} 31. e4 {[%emt 0:03:22]} Qd8 {[%emt 0:01:35]} 32. e5 {[%emt 0:01:28]} Be7 {[%emt 0:00:54]} 33. Bc1 {[%emt 0:00:51]} Bg5 {[%emt 0:00:11]} 34. Bg2 {[%emt 0:02:21]} Bxc1 {[%emt 0:00:51]} 35. Raxc1 {[%emt 0:00:07]} Be8 {[%emt 0:01:49]} 36. Rf4 {[%emt 0:00:26]} Rg4 {[%emt 0:00:56]} 37. Rcf1 {[%emt 0:00:05]} Bh5 {[%emt 0:01:13]} 38. Qe3 {[%emt 0:01:15]} Qg5 {[%emt 0:01:02]} 39. Bh3 {[%emt 0:00:48]} Rxf4 {[%emt 0:00:32]} 40. Rxf4 {[%emt 0:00:29]} 1/2-1/2

[Event "15th Governor Cup 2019"]
[Site "Khanty-Mansiysk"]
[Date "2019.11.22"]
[Round "5.16"]
[White "Martynyuk, Elizaveta"]
[Black "Afanasiev, Nikita"]
[Result "0-1"]
[WhiteElo "2020"]
[BlackElo "2508"]
[Annotator "ChessBase"]
[PlyCount "60"]
[EventDate "2019.11.19"]
[EventType "swiss"]
[EventCountry "RUS"]
[SourceTitle "playchess.com"]
[Source "ChessBase"]
[SourceQuality "1"]
[TimeControl "5400+30"]

1. e4 {[%emt 0:05:37]} c5 {[%emt 0:00:18]} 2. Nf3 {[%emt 0:00:07]} e6 {[%emt 0:00:04]} 3. d4 {[%emt 0:00:03]} cxd4 {[%emt 0:00:03]} 4. Nxd4 {[%emt 0:00:05]} a6 {[%emt 0:00:03]} 5. Bd3 {[%emt 0:00:04]} Bc5 {[%emt 0:00:05]} 6. Nb3 {[%emt 0:00:05]} Be7 {[%emt 0:00:03]} 7. Qg4 {[%emt 0:00:50]} g6 {[%emt 0:00:06]} 8. Qe2 {[%emt 0:00:06]} d6 {[%emt 0:00:17]} 9. a4 {[%emt 0:01:48]} b6 {[%emt 0:00:35]} 10. O-O {[%emt 0:05:36]} Nd7 {[%emt 0:01:03]} 11. f4 {[%emt 0:08:08]} Qc7 {[%emt 0:05:21]} 12. Be3 {[%emt 0:10:15]} Bb7 {[%emt 0:02:59]} 13. c4 {[%emt 0:05:07]} Ngf6 {[%emt 0:06:38]} 14. Nc3 {[%emt 0:00:10]} h5 {[%emt 0:05:03]} 15. h3 {[%emt 0:05:22]} h4 {[%emt 0:02:51]} 16. a5 {[%emt 0:01:37]} bxa5 {[%emt 0:05:15]} 17. Nxa5 {[%emt 0:00:42]} Nh5 {[%emt 0:02:05]} 18. Qf2 {[%emt 0:15:41]} Ng3 {[%emt 0:01:16]} 19. Bd4 {[%emt 0:09:44]} Rh5 {[%emt 0:09:14]} 20. Nxb7 {[%emt 0:11:00]} Qxb7 {[%emt 0:01:41]} 21. e5 {[%emt 0:02:52]} Rc8 {[%emt 0:06:11]} 22. c5 {[%emt 0:04:04]} Nxc5 {[%emt 0:04:19]} 23. Bxc5 {[%emt 0:00:08]} Rxc5 {[%emt 0:00:03]} 24. Bxa6 {[%emt 0:00:07]} Qb8 {[%emt 0:00:04]} 25. exd6 {[%emt 0:02:51]} Bxd6 {[%emt 0:00:12]} 26. Rfd1 {[%emt 0:00:55]} Kf8 {[%emt 0:03:44]} 27. Be2 {[%emt 0:01:35]} Rxc3 {[%emt 0:01:21]} 28. Rxd6 {[%emt 0:00:31]} Rc2 {[%emt 0:03:09]} 29. Rad1 {[%emt 0:02:02]} Nxe2+ {[%emt 0:01:46]} 30. Kh2 {[%emt 0:00:16]} Qb4 {[%emt 0:01:21]} 0-1

[Event "15th Governor Cup 2019"]
[Site "Khanty-Mansiysk"]
[Date "2019.11.22"]
[Round "5.17"]
[White "Chekletsov, Ilya"]
[Black "Yakimova, Mariya"]
[Result "1-0"]
[WhiteElo "2386"]
[BlackElo "2276"]
[Annotator "ChessBase"]
[PlyCount "81"]
[EventDate "2019.11.19"]
[EventType "swiss"]
[EventCountry "RUS"]
[SourceTitle "playchess.com"]
[Source "ChessBase"]
[SourceQuality "1"]
[TimeControl "5400+30"]

1. d4 {[%emt 0:00:00]} f5 {[%emt 0:00:00]} 2. c4 {[%emt 0:00:00]} Nf6 {[%emt 0:00:00]} 3. g3 {[%emt 0:00:00]} e6 {[%emt 0:00:00]} 4. Bg2 {[%emt 0:00:04]} d5 {[%emt 0:00:00]} 5. Nf3 {[%emt 0:00:06]} c6 {[%emt 0:00:03]} 6. O-O {[%emt 0:00:06]} Bd6 {[%emt 0:00:03]} 7. Qc2 {[%emt 0:00:31]} O-O {[%emt 0:00:06]} 8. Nc3 {[%emt 0:00:03]} Ne4 {[%emt 0:00:04]} 9. Rb1 {[%emt 0:00:05]} Nd7 {[%emt 0:00:04]} 10. b4 {[%emt 0:00:19]} b6 {[%emt 0:00:07]} 11. a4 {[%emt 0:19:12]} a5 {[%emt 0:05:26]} 12. b5 {[%emt 0:07:15]} Nxc3 {[%emt 0:03:44]} 13. Qxc3 {[%emt 0:00:59]} Bb7 {[%emt 0:04:30]} 14. bxc6 {[%emt 0:19:14]} Bxc6 {[%emt 0:00:12]} 15. Ng5 {[%emt 0:00:14]} Qe7 {[%emt 0:01:10]} 16. cxd5 {[%emt 0:00:36]} Bxd5 {[%emt 0:00:04]} 17. Bxd5 {[%emt 0:01:33]} exd5 {[%emt 0:00:05]} 18. Qc6 {[%emt 0:00:03]} Nf6 {[%emt 0:00:13]} 19. Rxb6 {[%emt 0:00:26]} Bb4 {[%emt 0:15:53]} 20. Qb5 {[%emt 0:08:19]} Rfe8 {[%emt 0:07:15]} 21. Be3 {[%emt 0:06:36]} Qd7 {[%emt 0:03:52]} 22. Qxd7 {[%emt 0:08:01]} Nxd7 {[%emt 0:00:07]} 23. Rc6 {[%emt 0:00:02]} Rab8 {[%emt 0:17:15]} 24. Bf4 {[%emt 0:11:24]} Rb7 {[%emt 0:00:05]} 25. e3 {[%emt 0:00:21]} h6 {[%emt 0:18:19]} 26. Nf3 {[%emt 0:00:36]} g5 {[%emt 0:06:31]} 27. Bc7 {[%emt 0:00:08]} Rc8 {[%emt 0:05:09]} 28. Rfc1 {[%emt 0:00:11]} Kh7 {[%emt 0:03:04]} 29. Kg2 {[%emt 0:00:49]} Kg8 {[%emt 0:02:19]} 30. R1c2 {[%emt 0:02:35]} Kh7 {[%emt 0:00:19]} 31. h3 {[%emt 0:02:49]} Kg8 {[%emt 0:01:14]} 32. h4 {[%emt 0:01:55]} g4 {[%emt 0:00:22]} 33. Ng1 {[%emt 0:00:12]} Kf7 {[%emt 0:01:28]} 34. Ne2 {[%emt 0:00:05]} Nf6 {[%emt 0:00:50]} 35. Nf4 {[%emt 0:00:15]} Ne4 {[%emt 0:03:22]} 36. Nxd5 {[%emt 0:01:03]} Be1 {[%emt 0:00:24]} 37. Nb6 {[%emt 0:00:33]} Re8 {[%emt 0:00:48]} 38. Be5 {[%emt 0:01:18]} Re6 {[%emt 0:03:14]} 39. Rxe6 {[%emt 0:00:48]} Kxe6 {[%emt 0:00:06]} 40. Rc6+ {[%emt 0:00:02]} Ke7 {[%emt 0:00:59]} 41. Rxh6 {[%emt 0:00:10]} 1-0

[Event "15th Governor Cup 2019"]
[Site "Khanty-Mansiysk"]
[Date "2019.11.22"]
[Round "5.18"]
[White "Skvortsov, Andrey"]
[Black "Mochalin, Faddey"]
[Result "0-1"]
[WhiteElo "2137"]
[BlackElo "2188"]
[Annotator "ChessBase"]
[PlyCount "78"]
[EventDate "2019.11.19"]
[EventType "swiss"]
[EventCountry "RUS"]
[SourceTitle "playchess.com"]
[Source "ChessBase"]
[SourceQuality "1"]
[TimeControl "5400+30"]

1. c4 {[%emt 0:00:00]} e6 {[%emt 0:00:00]} 2. Nf3 {[%emt 0:00:00]} d5 {[%emt 0:00:35]} 3. b3 {[%emt 0:00:02]} d4 {[%emt 0:05:18]} 4. g3 {[%emt 0:00:40]} Nc6 {[%emt 0:03:09]} 5. Bg2 {[%emt 0:00:15]} e5 {[%emt 0:01:18]} 6. d3 {[%emt 0:00:22]} Nf6 {[%emt 0:01:15]} 7. O-O {[%emt 0:00:22]} Bd6 {[%emt 0:02:06]} 8. e3 {[%emt 0:00:46]} dxe3 {[%emt 0:01:48]} 9. Bxe3 {[%emt 0:02:15]} O-O {[%emt 0:08:33]} 10. d4 {[%emt 0:01:00]} exd4 {[%emt 0:03:46]} 11. Nxd4 {[%emt 0:03:04]} Be5 {[%emt 0:01:58]} 12. Nxc6 {[%emt 0:07:18]} Qxd1 {[%emt 0:01:10]} 13. Ne7+ {[%emt 0:00:03]} Kh8 {[%emt 0:00:08]} 14. Rxd1 {[%emt 0:00:08]} Bxa1 {[%emt 0:00:07]} 15. Nxc8 {[%emt 0:00:00]} Raxc8 {[%emt 0:00:10]} 16. Bxb7 {[%emt 0:00:26]} Rcd8 {[%emt 0:00:41]} 17. Rd2 {[%emt 0:05:15]} Rxd2 {[%emt 0:06:27]} 18. Nxd2 {[%emt 0:00:11]} a5 {[%emt 0:08:32]} 19. Nf3 {[%emt 0:05:58]} Bc3 {[%emt 0:04:04]} 20. Bf4 {[%emt 0:00:34]} Re8 {[%emt 0:09:01]} 21. Kf1 {[%emt 0:00:59]} h6 {[%emt 0:01:30]} 22. h3 {[%emt 0:04:08]} Nh5 {[%emt 0:07:07]} 23. Bc1 {[%emt 0:00:06]} a4 {[%emt 0:02:45]} 24. c5 {[%emt 0:01:41]} axb3 {[%emt 0:02:03]} 25. axb3 {[%emt 0:00:04]} Nf6 {[%emt 0:07:02]} 26. Ba3 {[%emt 0:03:05]} Kg8 {[%emt 0:06:34]} 27. b4 {[%emt 0:01:22]} Ne4 {[%emt 0:08:29]} 28. Bc6 {[%emt 0:00:18]} Re6 {[%emt 0:00:50]} 29. b5 {[%emt 0:01:57]} Nd2+ {[%emt 0:04:23]} 30. Kg2 {[%emt 0:04:13]} Nxf3 {[%emt 0:00:34]} 31. Bxf3 {[%emt 0:00:26]} Bd4 {[%emt 0:02:49]} 32. Bg4 {[%emt 0:03:09]} f5 {[%emt 0:01:16]} 33. Bxf5 {[%emt 0:00:43]} Rf6 {[%emt 0:00:30]} 34. g4 {[%emt 0:00:27]} g6 {[%emt 0:00:23]} 35. Be4 {[%emt 0:04:13]} Rxf2+ {[%emt 0:00:07]} 36. Kg3 {[%emt 0:00:01]} Re2 {[%emt 0:00:51]} 37. Bd5+ {[%emt 0:00:54]} Kg7 {[%emt 0:00:21]} 38. b6 {[%emt 0:01:32]} cxb6 {[%emt 0:00:16]} 39. cxb6 {[%emt 0:00:07]} Re3+ {[%emt 0:00:26]} 0-1

[Event "15th Governor Cup 2019"]
[Site "Khanty-Mansiysk"]
[Date "2019.11.22"]
[Round "5.19"]
[White "Ryabov, Georgi"]
[Black "Belyakov, Bogdan"]
[Result "0-1"]
[WhiteElo "1887"]
[BlackElo "2495"]
[Annotator "ChessBase"]
[PlyCount "78"]
[EventDate "2019.11.19"]
[EventType "swiss"]
[EventCountry "RUS"]
[SourceTitle "playchess.com"]
[Source "ChessBase"]
[SourceQuality "1"]
[TimeControl "5400+30"]

1. c4 {[%emt 0:00:00]} c5 {[%emt 0:00:00]} 2. g3 {[%emt 0:00:00]} Nc6 {[%emt 0:00:00]} 3. Bg2 {[%emt 0:00:03]} g6 {[%emt 0:00:00]} 4. Nc3 {[%emt 0:00:19]} Bg7 {[%emt 0:00:00]} 5. d3 {[%emt 0:00:06]} e6 {[%emt 0:02:55]} 6. e4 {[%emt 0:00:38]} Nge7 {[%emt 0:00:20]} 7. Nge2 {[%emt 0:00:12]} O-O {[%emt 0:00:22]} 8. O-O {[%emt 0:00:10]} d6 {[%emt 0:01:46]} 9. f4 {[%emt 0:00:12]} Rb8 {[%emt 0:01:52]} 10. h3 {[%emt 0:03:16]} a6 {[%emt 0:00:14]} 11. a4 {[%emt 0:00:19]} Nd4 {[%emt 0:05:42]} 12. Be3 {[%emt 0:03:14]} Nec6 {[%emt 0:03:07]} 13. Kh2 {[%emt 0:02:16]} Qb6 {[%emt 0:05:52]} 14. Rb1 {[%emt 0:03:57]} Qb3 {[%emt 0:08:49]} 15. Rf2 {[%emt 0:05:43]} Qxd1 {[%emt 0:03:40]} 16. Rxd1 {[%emt 0:01:33]} Bd7 {[%emt 0:00:54]} 17. Rb1 {[%emt 0:07:46]} Nc2 {[%emt 0:04:51]} 18. Bd2 {[%emt 0:04:18]} N6b4 {[%emt 0:00:31]} 19. Nc1 {[%emt 0:00:37]} Nd4 {[%emt 0:00:27]} 20. N3a2 {[%emt 0:01:10]} Nxa2 {[%emt 0:00:30]} 21. Nxa2 {[%emt 0:00:11]} Bxa4 {[%emt 0:00:03]} 22. Bf1 {[%emt 0:01:03]} b5 {[%emt 0:01:38]} 23. Bc3 {[%emt 0:03:10]} b4 {[%emt 0:03:57]} 24. Bxd4 {[%emt 0:02:33]} Bxd4 {[%emt 0:00:07]} 25. Rg2 {[%emt 0:00:10]} a5 {[%emt 0:01:49]} 26. Nc1 {[%emt 0:01:22]} Ra8 {[%emt 0:04:40]} 27. Ra1 {[%emt 0:01:51]} Bc6 {[%emt 0:00:11]} 28. Nb3 {[%emt 0:00:07]} a4 {[%emt 0:00:03]} 29. Nxd4 {[%emt 0:00:06]} cxd4 {[%emt 0:00:02]} 30. Rf2 {[%emt 0:00:27]} Rfb8 {[%emt 0:00:43]} 31. Bg2 {[%emt 0:00:30]} Ra5 {[%emt 0:01:12]} 32. Bf3 {[%emt 0:00:24]} Kg7 {[%emt 0:00:44]} 33. Ra2 {[%emt 0:01:27]} h6 {[%emt 0:02:34]} 34. Bd1 {[%emt 0:01:01]} f5 {[%emt 0:01:48]} 35. Bf3 {[%emt 0:04:42]} b3 {[%emt 0:03:03]} 36. Ra3 {[%emt 0:00:14]} fxe4 {[%emt 0:00:15]} 37. Bxe4 {[%emt 0:02:26]} Bxe4 {[%emt 0:00:21]} 38. dxe4 {[%emt 0:00:05]} Rb4 {[%emt 0:00:05]} 39. Rf3 {[%emt 0:00:08]} Rc5 {[%emt 0:00:20]} 0-1